000
00336nam a22001457a 4500
008
221006b ||||| |||| 00| 0 eng d
020
_a
9780323327404
041
_a
eng
080
_2
ninth edition
_a
610.73
082
_a
610.73 POTT
100
_a
5
101
_a
INF
245
_a
FUNDAMENTALS OF NURSING
_c
POTTER P
942
_2
udc
_c
BK
999
_c
58376
_d
58376